000 00334nam a22001337a 4500
020 _a07-060230-1
082 _a501.9 SPI
100 _aSPIEGEL, MURRAY P
_977483
245 _aTHEORY AND PROBLEMS OF COMPLEX VARIABLES
260 _aNEW YORK
_bMCGRAW HILL
_c1964
300 _a313P
650 _aCOMPLEX VARIABLES
_978761
942 _cBK
999 _c583846
_d583846